| 000 | 00907nas a2200289 4500 | ||
|---|---|---|---|
| 001 | BR2016000726 | ||
| 003 | BR-BrBNA | ||
| 005 | 20231205130123.0 | ||
| 007 | ta | ||
| 008 | 230509b bl.|||p| |||| 00| 00por d | ||
| 040 |
_aBR-BrBNA _bpor _cBiblioteca Nacional de Agricultura |
||
| 041 | _a(Pt) | ||
| 072 | _aT01 | ||
| 100 | 1 | _aLeal, P.V.B. | |
| 100 | 1 | _aAnjos, J.P. dos | |
| 100 | 1 | _aMagriotis, Z.M. | |
| 245 | 1 | _aEstudo da adsorção do corante azul de metileno em caulinita rosa | |
| 650 | _aMINERAL | ||
| 650 | _aPOLUICAO AMBIENTAL | ||
| 650 | _aCORANTE | ||
| 650 | _aCONTAMINACAO | ||
| 650 | _aCOMPOSICAO QUIMICA | ||
| 773 | 0 |
_tJournal of Biotechnology and Biodiversity (Brazil) _xISSN 2179-4804 _g(Aug 2011), v. 2(3) p. 38-42 _wBR2016000726 |
|
| 856 | 4 | 0 | _uhttp://revista.uft.edu.br/index.php/JBB/article/view/247/175 |
| 909 |
_a202311 _bLúcia _c55 _dLúcia Elande |
||
| 942 |
_2AGRIS _n0 _cANA |
||
| 999 |
_c247935 _d247935 |
||